Jojo's Bizarre Adventure Characters - Statistics

General Stats
  • This quiz has been taken 240 times
  • The average score is 33 of 42
Answer Stats
Hint Answer % Correct
Main Character of Phantom BloodFirst Jojo Archaeologist Jonathan Joestar
98%
Main antagonist of Phantom Blood & Stardust CrusadersUser of the first Jojo's body Vampire Stand: The World Dio Brando
97%
Main Character in Stardust CrusadersThird Jojo Ally in Diamond is Unbreakable & Stone Ocean Father of the 6th Jojo Nephew of the 4th Jojo Grandson of the 2nd Jojo Stand: Star Platinum Kujo Jotaro
97%
Main Character of Battle TendencySeecond Jojo Ally in Stardust Crusaders & Diamond is Unbreakable Stand: Hermit Purple Joseph Joestar
96%
Ally of the main character of parts 1&2Founder of the Speedwagon Foundation Robert Edward O. Speedwagon
96%
Main Character in Diamond is UnbreakableFourth Jojo Uncle of the 3rd Jojo Son of the 2nd Jojo Stand: Crazy Diamond Higashikata Josuke
92%
Main Antagonist in Battle TendencyCreator of the mask Kars
92%
Main Character in Golden WindFifth Jojo Biological son of the first Jojo Son of the main antagonist is parts 1&3 Stand: Gold Experience, Gold Experience Requiem Giorno Giovanna
90%
Ally in Stardust Crusaders & Golden WindStand: Silver Chariot, Silver Chariot Requiem Jean-Pierre Polnareff
89%
Ally in Stardust CrusadersStand: Hierophant Green Kakyoin Noriaki
89%
Main Character of Stone OceanSixth Jojo Inmate at Green Dolphin Street Prison Daughter of the 4th Jojo Stand: Stone Free Cujoh Jolyne
88%
Antagonist and then ally in Stone OceanPlankton-Human Hybrid Stand Foo Fighters
88%
Main Antagonist in Diamond is UnbreakableStand: Killer Queen Kira Yoshikage
88%
Ally in Stardust CrusadersStand: Magician's Red Muhammed Avdol
87%
Major ally in Golden WindPassione Capo Stand: Sticky Fingers Bruno Bucciarati
84%
Mother of the second JojoRipple Master Elisabeth Joestar
84%
Spouse of the first Jojo Erina Joestar
84%
Main Antagonist in Golden WindPassione Boss Alter Ego of the latter Stand: King Crimson Diavolo
83%
Ally in Golden Wind Member of Passione & subordinate of the Passione Capo Stand: Sex Pistols Guido Mista
83%
Ally & friend of the second JojoRipple User Caesar Anthonio Zeppeli
81%
Ally in Battle TendencyNazi Officer Cyborg Rudol von Stroheim
80%
Ally in Diamond is UnbreakableStand: Echoes Hirose Koichi
79%
Antagonist and then ally in Diamond is UnbreakableStand: Heaven's Door, Cheap Trick Kishibe Rohan
79%
Antagonist in Stardust CrusadersLast vampire created by the main antagonist Stand: Cream Vanilla Ice
79%
Ally in Golden Wind Member of Passione & subordinate of the Passione Capo Stand: Aerosmith Narancia Ghilga
78%
Ally in Golden Wind Member of Passione & subordinate of the Passione Capo Stand: Purple Haze, Purple Haze Distortion Pannacotta Fugo
77%
Main Antagonist in Stone OceanPriest in Green Dolphin Street Prison Stand: Whitesnake/Palesnake Enrico Pucci
76%
Father of the first Jojo George Joestar
75%
Antagonist and then ally in Diamond is UnbreakableStand: The Hand Nijimura Okuyasu
75%
Daughter of the Passione BossAlly in Golden Wind Stand: Spicy Girl Trish Una
75%
Alter Ego of the former Pseudo Boss of PassioneStand: King Crimson Vinegar Doppio
73%
Ally in Golden WindMember of Passione & subordinate of the Passione Capo Stand: Moody Blues Leone Abbacchio
71%
Pillar ManSubordinate of the two former Wamuu
71%
Pillar ManAbandoned by his group Santana
68%
Pillar ManMaster of the two latter Subordinate of the former Esidisi
66%
Ally and master of the formerRipple Master Will Anthonio Zeppeli
66%
Mother of the 3rd JojoDaughter of the 2nd Jojo Kujo Holy
65%
Ally in Stone Ocean Inmate at Green Dolphin Street Prison Stand: Weather Report Wes Bluemarine
65%
Ally in Stone OceanInmate at Green Dolphin Street Prison Stand: Kiss Ermes Costello
64%
Ally in Stone Ocean Inmate at Green Dolphin Street Prison Stand: Diver Down Narciso Anasui
63%
Ally in Stone OceanBorn in Green Dolphin Street Prison Stand: Burning Down the House Emporio Alnino
60%
Spouse of the second Jojo Suzi Quatro Joestar
59%
No matching quizzes found
Score Distribution
Percent of People with Each Score
Percentile by Number Answered
Your Score History
You have not taken this quiz